[Event "S60201 Summer Series"]
[Site "CCLA"]
[Date "2016.07.31"]
[Round "?"]
[White "Lehr, Mark"]
[Black "Edwards, Ken"]
[Result "1/2-1/2"]
[WhiteElo "2129"]
[BlackElo "2287"]

1. d4 Nf6 2. c4 g6 3. Nf3 Bg7 4. Nc3 d5 5. cxd5 Nxd5 6. e4 Nxc3 7. bxc3 c5
8. Be3 Qa5 9. Nd2 cxd4 10. Nc4 Qd8 11. cxd4 O-O 12. Rc1 b5 13. Nd2 Bxd4 
14. Rxc8 Qxc8 15. Bxd4 Nc6 16. Bc3 a6 17. Nf3 a5 18. Bxb5 Nb4 19. Bxb4 
axb4 20. O-O Rxa2 21. Qb1 Qc2 22. Qxb4 Rb2 23. Qa3 Rxb5 24. Nd4 Qc4 25. 
Nxb5 Qxb5 26. Qxe7 Re8 27. Qh4 Qe5 28. f3 h5 29. Qf2 Rd8 30. Qe3 h4 31. h3
Kg7 32. Rc1 Rd4 33. Qc3 Kh7 34. Qb3 Qf4 35. Re1 Kh6 36. Qc3 Rd8 37. Qe3 
Qxe3+ 38. Rxe3 Rd1+ 39. Kh2 Kg5 40. Rb3 Rd4 41. Rb5+ 1/2-1/2

[Event "S60031 Winter Series"]
[Site "CCLA"]
[Date "2016.01.28"]
[Round "?"]
[White "Cacas, Alexander"]
[Black "Hodgkins, Neil C."]
[Result "1/2-1/2"]
[WhiteElo "1865"]
[BlackElo "1462"]

1. d4 Nf6 2. c4 g6 3. Nc3 d5 4. cxd5 Nxd5 5. e4 Nxc3 6. bxc3 Bg7 7. Bc4 
O-O 8. Ne2 c6 9. O-O b5 10. Bb3 Bg4 11. f3 Bc8 12. Be3 e5 13. Qd2 Nd7 14. 
Rac1 Qe7 15. Rfd1 Rd8 16. Bg5 Bf6 17. Bxf6 Qxf6 18. Qe3 Bb7 19. Rb1 Nb6 
20. Qf2 Kg7 21. Qg3 Nd7 22. Kh1 Re8 23. d5 cxd5 24. Bxd5 Bxd5 25. Rxd5 Nb6
26. Rdxb5 Qd6 27. Qe1 Rac8 28. Rd1 Qc6 29. Rbb1 Rcd8 30. Rxd8 Rxd8 31. Rd1
Rxd1 32. Qxd1 Qc4 33. Qd2 h5 34. h4 Qc6 35. Qd3 Qc5 36. Kh2 Qc6 37. Qa6 
Qd7 1/2-1/2

[Event "S60159 Server NA Class C Ch"]
[Site "CCLA"]
[Date "2016.05.12"]
[Round "?"]
[White "Nurmi, Ronald"]
[Black "McLaughlin, Ed"]
[Result "0-1"]
[WhiteElo "1480"]
[BlackElo "1537"]

1. d4 Nf6 2. c4 g6 3. Nc3 d5 4. cxd5 Nxd5 5. e4 Nxc3 6. bxc3 Bg7 7. Bc4 c5
8. Ne2 O-O 9. O-O Nd7 10. Bg5 Nb6 11. Bb3 h6 12. Bh4 Qc7 13. f3 Rd8 14. 
Rc1 c4 15. Bc2 g5 16. Bg3 e5 17. d5 f5 18. Qe1 Qc5+ 19. Bf2 Qa5 20. Bb1 f4
21. Rc2 Bd7 22. Qd2 Nc8 23. Rb2 Nd6 24. Bc2 Qc7 25. Rfb1 b5 26. a3 Bf8 27.
 Nc1 Rdb8 28. Ne2 Nb7 29. Ra1 Nc5 30. Rbb1 a5 31. Ra2 g4 32. Raa1 Ra6 33. 
Kh1 Rg6 34. Rg1 Qd8 35. Qe1 Nd3 36. Bh4 Be7 37. Bxe7 Qxe7 38. Bxd3 cxd3 
39. Nc1 g3 0-1

[Event "S67039 Gustafson Memorial Open"]
[Site "CCLA"]
[Date "2016.11.20"]
[Round "?"]
[White "Jarmuz, Frederick"]
[Black "Clancey, James"]
[Result "1-0"]
[WhiteElo "1965"]
[BlackElo "2007"]

1. d4 Nf6 2. c4 g6 3. Nc3 d5 4. cxd5 Nxd5 5. e4 Nxc3 6. bxc3 Bg7 7. Bc4 c5
8. Ne2 Nc6 9. Be3 O-O 10. O-O Bd7 11. Rb1 Qc7 12. Bd3 Rfd8 13. Qd2 Be8 14.
 d5 Ne5 15. c4 a6 16. h3 Nxd3 17. Qxd3 b5 18. Rfc1 e6 19. Qd2 Qe5 20. f3 
bxc4 21. Rxc4 Bb5 22. Rxc5 Bxe2 23. Qxe2 Bf8 24. Ra5 Rab8 25. Rxb8 Rxb8 
26. Qd3 Qa1+ 27. Kh2 Rb1 28. Rxa6 Rh1+ 29. Kg3 h5 30. Ra8 Qe1+ 31. Kf4 f6 
32. dxe6 Qh4+ 33. g4 hxg4 34. Rxf8+ Kxf8 35. Bc5+ 1-0

[Event "S60051 Winter Series"]
[Site "CCLA"]
[Date "2016.01.28"]
[Round "?"]
[White "Greco, Tom"]
[Black "Wright, John"]
[Result "1/2-1/2"]
[WhiteElo "1668"]
[BlackElo "1608"]

1. d4 Nf6 2. c4 g6 3. Nc3 d5 4. cxd5 Nxd5 5. e4 Nxc3 6. bxc3 Bg7 7. Bc4 c5
8. Ne2 Nc6 9. Be3 O-O 10. O-O Qc7 11. Rc1 Rd8 12. Bf4 Qd7 13. dxc5 Qe8 14.
 Qc2 Ne5 15. Bb3 Qc6 16. Rfd1 Be6 17. Be3 Bxb3 18. axb3 Ng4 19. b4 Nxe3 
20. fxe3 a5 21. Nd4 Qa6 22. b5 Qa7 23. b6 Qa6 24. Qe2 Qxe2 25. Nxe2 Rxd1+ 
26. Rxd1 a4 27. Ra1 Be5 28. Nd4 Kf8 29. Ra3 Ke8 30. Kf2 Kd7 31. g3 Bb8 32.
 Ke2 e5 33. Nc2 Kc6 34. Nb4+ Kxc5 35. Nd5 Bd6 36. Kd3 Kb5 37. Ra1 a3 38. 
c4+ Kc5 39. g4 a2 40. Nc3 Ra3 41. Rxa2 Rxa2 42. Nxa2 h6 43. Nc3 Kxb6 44. 
h4 Bf8 45. h5 Kc6 46. Nd5 Kd6 47. Nb6 Ke6 48. Nd5 Bg7 49. hxg6 fxg6 50. 
Nc3 Bf6 51. Ne2 Bh4 52. Ng1 h5 53. gxh5 gxh5 54. Nh3 Bg3 55. Ng5+ Kd6 56. 
Nh3 h4 57. Ng5 Ke7 58. Ke2 Kf6 59. Nh3 Ke6 60. Kd3 Kd6 61. Ng5 Kc5 62. Nh3
Kb4 63. Ng5 Bf2 64. Ke2 Bg1 65. Kd3 Kb3 66. Nh3 Bxe3 67. Kxe3 Kxc4 68. Kd2
Kd4 69. Ng5 h3 1/2-1/2

[Event "S60159 Server NA Class C Ch"]
[Site "CCLA"]
[Date "2016.05.12"]
[Round "?"]
[White "Moujan, Pablo"]
[Black "Taylor, Bobby C."]
[Result "1/2-1/2"]
[WhiteElo "1536"]
[BlackElo "1575"]

1. d4 Nf6 2. c4 g6 3. Nc3 d5 4. Nf3 Bg7 5. Bg5 Ne4 6. cxd5 Nxg5 7. Nxg5 e6
8. Nf3 exd5 9. b4 Qd6 10. Qb3 Nc6 11. e3 Qxb4 12. Qxb4 Nxb4 13. Kd2 Bf5 
14. Bb5+ Kd8 15. a3 Nc6 16. Nxd5 Na5 17. Rad1 c6 18. Ng5 Be6 19. Nxe6+ 
fxe6 20. Nf4 Ke7 21. Bd3 e5 22. Ne2 exd4 23. exd4 Rad8 24. Rhe1 Kf7 25. 
Kc3 c5 26. Bc4+ Nxc4 27. Kxc4 cxd4 28. Nxd4 Rxd4+ 29. Rxd4 Bxd4 30. Kxd4 
Rc8 1/2-1/2

[Event "S60159 Server NA Class C Ch"]
[Site "CCLA"]
[Date "2016.05.12"]
[Round "?"]
[White "Hodgkins, Neil C."]
[Black "McLaughlin, Ed"]
[Result "0-1"]
[WhiteElo "1433"]
[BlackElo "1537"]

1. d4 Nf6 2. c4 g6 3. Nc3 d5 4. Nf3 Bg7 5. e3 O-O 6. cxd5 Nxd5 7. Bc4 Nxc3
8. bxc3 c5 9. O-O Nc6 10. Bb2 Bf5 11. Re1 Be4 12. Ng5 Bd5 13. Qd3 e5 14. 
Ne4 cxd4 15. cxd4 Bxc4 16. Qxc4 Rc8 17. Qd3 Nb4 18. Qd2 Nc2 19. Rac1 Nxe1 
20. Qxe1 Rxc1 21. Qxc1 exd4 22. exd4 Bxd4 23. Ba3 Re8 24. Qc2 Rxe4 25. 
Qxe4 Bc5 26. g3 Bxa3 27. Qxb7 Bc5 28. Qb2 Qd4 29. Qxd4 Bxd4 30. Kf1 Kf8 
31. Ke2 Ke7 32. g4 Ke6 33. f4 f5 34. gxf5+ Kxf5 35. Kf3 Bg1 36. h3 Bh2 0-1

[Event "S60159 Server NA Class C Ch"]
[Site "CCLA"]
[Date "2016.05.12"]
[Round "?"]
[White "Taylor, Bobby C."]
[Black "Sanchez, David A."]
[Result "1-0"]
[WhiteElo "1575"]
[BlackElo "1453"]

1. d4 d5 2. c4 c6 3. Nc3 Nf6 4. e3 g6 5. Nf3 Bg7 6. Be2 O-O 7. O-O a6 8. 
Qb3 dxc4 9. Bxc4 b5 10. Be2 Bf5 11. Ne5 Be6 12. Qd1 Qc7 13. Bf3 Nbd7 14. 
Nxc6 Rfe8 15. Nxe7+ 1-0

[Event "S67029 Gustafson Memorial Open"]
[Site "CCLA"]
[Date "2016.11.20"]
[Round "?"]
[White "Jones, Jan"]
[Black "Gredescul, Andrea"]
[Result "1/2-1/2"]
[WhiteElo "2204"]
[BlackElo "2166"]

1. c4 c6 2. Nf3 d5 3. e3 g6 4. d4 Bg7 5. Nc3 Nf6 6. Be2 O-O 7. O-O a6 8. 
a4 a5 9. Qb3 e6 10. Rd1 Na6 11. Bd2 Qe7 12. Rac1 Nb4 13. Na2 Nxa2 14. Qxa2
Ne4 15. Be1 b6 16. cxd5 cxd5 17. Nd2 Nxd2 18. Rxd2 Bd7 19. Rdc2 Rfc8 20. 
Qb3 Qd8 21. g3 Bf8 22. Rxc8 Rxc8 1/2-1/2

[Event "S60289 Regular Quad"]
[Site "CCLA"]
[Date "2017.01.07"]
[Round "?"]
[White "Blankenship, Jerry T."]
[Black "Walsh, Patrick"]
[Result "1-0"]
[WhiteElo "1675"]
[BlackElo "1647"]

1. d4 Nf6 2. c4 b6 3. Nc3 e6 4. e4 Bb7 5. Bd3 Bb4 6. Qc2 c5 7. Nf3 cxd4 8.
 Nxd4 Nc6 9. Nxc6 Bxc6 10. O-O O-O 11. e5 Ng4 12. Bxh7+ Kh8 13. Be4 Nxe5 
14. Bxc6 1-0

[Event "S67079 Gustafson Memorial Open"]
[Site "CCLA"]
[Date "2016.11.20"]
[Round "?"]
[White "Walsh, Patrick"]
[Black "Strelecky, Rich"]
[Result "1-0"]
[WhiteElo "1631"]
[BlackElo "1652"]

1. d4 Nf6 2. c4 e6 3. g3 d5 4. Nf3 dxc4 5. Bg2 Bb4+ 6. Bd2 a5 7. Qc2 Nc6 
8. Qxc4 Qd5 9. Qd3 Qe4 10. Qxe4 Nxe4 11. Bxb4 Nxb4 12. Na3 O-O 13. Ne5 Nd6
14. O-O f6 15. Nec4 Nxc4 16. Nxc4 Nd5 17. e4 Ne7 18. Rfe1 Rd8 19. Rad1 Nc6
20. d5 exd5 21. exd5 Nb4 22. a3 Bg4 23. Rd2 Na6 24. d6 Ra7 25. Bd5+ Kf8 
26. Re7 Bh5 27. dxc7 Rc8 28. Rd7 Be8 29. Rd8 Rxc7 30. Nd6 Re7 31. Nb5 b6 
32. Nxa7 Rxa7 33. Bc6 Re7 34. Rxe8+ Rxe8 35. Bxe8 Kxe8 36. Rd6 Nc7 37. 
Rxb6 Kd7 38. b4 axb4 39. axb4 Ne6 40. Rxe6 Kxe6 41. Kg2 Kd5 42. Kf3 h5 43.
 Kf4 g6 44. h4 Kd4 45. g4 hxg4 46. Kxg4 Kc4 47. f4 Kxb4 48. f5 1-0

[Event "S67039 Gustafson Memorial Open"]
[Site "CCLA"]
[Date "2016.11.20"]
[Round "?"]
[White "Teverovski, Bogoljub"]
[Black "Jarmuz, Frederick"]
[Result "1/2-1/2"]
[WhiteElo "1967"]
[BlackElo "1965"]

1. d4 Nf6 2. c4 e6 3. g3 d5 4. Bg2 dxc4 5. Nf3 Nbd7 6. O-O c6 7. a4 a5 8. 
Qc2 b5 9. Nc3 b4 10. Nd1 Ba6 11. Bg5 c5 12. Ne3 cxd4 13. Nxd4 Rc8 14. Nb5 
b3 15. Qc1 Bb4 16. Nxc4 O-O 17. Rd1 Qe7 18. Qf4 h6 19. Bxf6 Nxf6 20. Ne5 
Rc2 21. Nc6 Qc5 22. Qd4 Qxd4 23. Nbxd4 Rxb2 24. Nxb4 axb4 25. Rdb1 Rxb1+ 
26. Rxb1 Rd8 27. e3 Rc8 28. h3 Rc3 29. Rxb3 e5 30. Rxc3 bxc3 31. Nb3 Kf8 
32. Bf1 Bc8 33. a5 Ke7 34. a6 Kd6 35. Bd3 Kc6 36. a7 Bb7 37. Nc1 1/2-1/2

[Event "S60051 Winter Series"]
[Site "CCLA"]
[Date "2016.01.28"]
[Round "?"]
[White "Disque, Philip"]
[Black "Wright, John"]
[Result "1-0"]
[WhiteElo "1663"]
[BlackElo "1608"]

1. Nf3 Nf6 2. c4 e6 3. g3 d5 4. d4 dxc4 5. Bg2 b5 6. O-O Bb7 7. a4 a6 8. 
e3 c5 9. Ne5 Bxg2 10. Kxg2 Qd5+ 11. Qf3 Qxf3+ 12. Kxf3 cxd4 13. axb5 dxe3 
14. Bxe3 Nbd7 15. Nxc4 Bc5 16. Nc3 O-O 17. bxa6 Bxe3 18. Nxe3 Rfb8 19. 
Rfb1 Nc5 20. a7 Rb7 21. b4 Ncd7 22. b5 Rbxa7 23. Rxa7 Rxa7 24. b6 Rb7 25. 
Nc4 Nb8 26. Nd6 Rd7 27. Ncb5 Nd5 28. b7 Nb6 29. Rc1 Rd8 30. Na7 Kf8 31. 
Nc6 1-0

[Event "S60159 Server NA Class C Ch"]
[Site "CCLA"]
[Date "2016.05.12"]
[Round "?"]
[White "Sanchez, David A."]
[Black "Perry, William E."]
[Result "0-1"]
[WhiteElo "1453"]
[BlackElo "1417"]

1. d4 Nf6 2. c4 e6 3. g3 d5 4. Bg2 Be7 5. Nf3 O-O 6. O-O dxc4 7. Qc2 a6 8.
 Qxc4 b5 9. Qc2 Bb7 10. Nc3 Nbd7 11. Re1 c5 12. e4 Rc8 13. Ng5 e5 14. dxe5
Nxe5 15. f4 Nd3 16. e5 Nxe1 0-1

[Event "S60041 Winter Series"]
[Site "CCLA"]
[Date "2016.01.28"]
[Round "?"]
[White "Shannon, Paul D."]
[Black "Strelecky, Rich"]
[Result "1-0"]
[WhiteElo "1828"]
[BlackElo "1652"]

1. d4 Nf6 2. c4 e6 3. g3 d5 4. Bg2 Be7 5. Nf3 O-O 6. O-O dxc4 7. Qc2 a6 8.
 Qxc4 b5 9. Qc2 Bb7 10. Bg5 Nbd7 11. Bxf6 Nxf6 12. Nbd2 Rc8 13. Nb3 Re8 
14. Nc5 Bxf3 15. Bxf3 Qxd4 16. Nxa6 Qb6 17. Qc6 Nd5 18. Rfc1 Qxc6 19. Rxc6
Bd6 20. Bxd5 exd5 21. e3 Be5 22. Rd1 Re6 23. Nb4 Bxb2 24. Rxd5 Rxc6 25. 
Nxc6 Ra8 26. Rxb5 Ba3 27. Kf1 g6 28. Rb8+ Rxb8 29. Nxb8 c5 30. Ke2 c4 31. 
Nd7 Bc1 32. Kd1 Ba3 33. Kc2 Bb4 34. Nb6 Be1 35. a4 Kf8 36. Nxc4 Ke7 37. f3
Bb4 38. Kb3 Bc5 39. a5 h5 40. Ka4 Ba7 41. Kb5 Ke6 42. Kc6 g5 43. a6 h4 44.
 Nb6 Bb8 45. gxh4 1-0

[Event "S67109 Gustafson Memorial Open"]
[Site "CCLA"]
[Date "2016.11.20"]
[Round "?"]
[White "Sanchez, David A."]
[Black "Lyons, Anthony W."]
[Result "1-0"]
[WhiteElo "1419"]
[BlackElo "1237"]

1. d4 Nf6 2. c4 e6 3. g3 Be7 4. Bg2 O-O 5. Nf3 d5 6. O-O Nc6 7. b3 Nb4 8. 
a3 dxc4 9. Nc3 Nc6 10. b4 h6 11. Re1 b6 12. e3 Bd6 13. Nd2 Bb7 14. Nxc4 
Qb8 15. e4 Nd7 16. e5 Be7 17. Bxh6 gxh6 18. Qg4+ Bg5 19. f4 Nxd4 20. fxg5 
hxg5 21. Qxg5+ Kh8 22. Qh4+ 1-0

[Event "S60289 Regular Quad"]
[Site "CCLA"]
[Date "2017.01.07"]
[Round "?"]
[White "Walsh, Patrick"]
[Black "Williams, Rufus H."]
[Result "1-0"]
[WhiteElo "1647"]
[BlackElo "1375"]

1. g3 Nf6 2. Bg2 d5 3. c4 e6 4. d4 Be7 5. Nf3 Nc6 6. O-O O-O 7. b3 a6 8. 
Bb2 b6 9. cxd5 exd5 10. Nc3 Bb7 11. Rc1 b5 12. Ne5 Nxe5 13. dxe5 Ne4 14. 
Nxe4 dxe4 15. Qc2 Bg5 16. Rfd1 Qe7 17. e3 Rac8 18. Bxe4 g6 19. Bxb7 Rb8 
20. Qc6 Bh6 21. Rd7 Qxd7 22. Qxd7 Rxb7 23. e6 fxe6 24. Qd4 Bg7 25. Qxg7# 
1-0

[Event "S60061 Winter Series"]
[Site "CCLA"]
[Date "2016.01.28"]
[Round "?"]
[White "Nurmi, Ronald"]
[Black "Acosta, Errol"]
[Result "1-0"]
[WhiteElo "1477"]
[BlackElo "1490"]

1. d4 e6 2. c4 Nf6 3. Nf3 g6 4. Nc3 Bg7 5. e4 O-O 6. Bg5 h6 7. Bh4 Kh7 8. 
e5 g5 9. Nxg5+ hxg5 10. Bxg5 d6 11. exf6 Bxf6 12. Qh5+ Kg8 13. Bd3 1-0

[Event "S60309 Regular Quad"]
[Site "CCLA"]
[Date "2017.01.07"]
[Round "?"]
[White "Blankenship, Jerry T."]
[Black "Lavery, Thomas"]
[Result "1-0"]
[WhiteElo "1675"]
[BlackElo "1531"]

1. d4 Nf6 2. c4 e6 3. Nf3 g6 4. Bf4 d6 5. Nc3 Bg7 6. e4 O-O 7. Be2 Nh5 8. 
Be3 e5 9. Qd2 exd4 10. Nxd4 Nf6 11. f3 c5 12. Nc2 Be6 13. Rd1 Qc7 14. Bf4 
1-0

[Event "S67129 Gustafson Memorial Open"]
[Site "CCLA"]
[Date "2016.11.20"]
[Round "?"]
[White "Shaffer, Aaron"]
[Black "Lyons, Gage W."]
[Result "0-1"]
[WhiteElo "1152"]
[BlackElo "1210"]

1. d4 Nf6 2. c4 e6 3. Nf3 Bb4+ 4. Bd2 Bxd2+ 5. Qxd2 O-O 6. e3 d5 7. cxd5 
exd5 8. Be2 Nc6 9. Bb5 Bd7 10. O-O a6 11. Bxc6 Bxc6 12. Ne5 Be8 13. Nc3 
Ne4 14. Nxe4 dxe4 15. Nc4 f6 16. Qe2 Kh8 17. Na3 Kg8 18. Nc2 Bb5 19. Qe1 
Bxf1 20. Qxf1 Qe7 21. Qc4+ Qf7 22. Qxf7+ Rxf7 23. Nb4 f5 24. Rc1 g6 25. 
Nd5 Kg7 26. Rxc7 Rxc7 27. Nxc7 Rc8 28. Ne6+ Kf6 29. h3 Kxe6 30. Kh2 Rc2 
31. Kg3 Rxb2 32. Kh2 Rxf2 33. Kg1 Rxa2 34. Kf1 Rc2 35. Ke1 b5 36. Kd1 Rxg2
37. Kc1 h5 38. Kd1 g5 39. Kc1 g4 40. hxg4 fxg4 41. Kd1 h4 0-1

[Event "S60159 Server NA Class C Ch"]
[Site "CCLA"]
[Date "2016.05.12"]
[Round "?"]
[White "Hodgkins, Neil C."]
[Black "Perry, William E."]
[Result "1/2-1/2"]
[WhiteElo "1433"]
[BlackElo "1417"]

1. d4 e6 2. c4 Nf6 3. Nc3 Bb4 4. Bd2 O-O 5. Nf3 d5 6. e3 c5 7. a3 Bxc3 8. 
Bxc3 Ne4 9. Bd3 Nxc3 10. bxc3 dxc4 11. Bxc4 Qa5 12. Qc2 cxd4 13. exd4 Nd7 
14. O-O Nf6 15. Ne5 Nd7 16. Nxd7 Bxd7 17. a4 Rac8 18. Qb3 Qc7 19. Bb5 Bxb5
20. axb5 Qxc3 21. Qxc3 Rxc3 22. Rxa7 Rb8 23. Rb1 1/2-1/2

[Event "S60231 Summer Series"]
[Site "CCLA"]
[Date "2016.07.31"]
[Round "?"]
[White "Cangelosi, Dominic"]
[Black "Perry, William E."]
[Result "1-0"]
[WhiteElo "1417"]
[BlackElo "1493"]

1. d4 e6 2. c4 Nf6 3. Nc3 Bb4 4. Qb3 c5 5. a3 Bxc3+ 6. Qxc3 cxd4 7. Qxd4 
Nc6 8. Qd1 O-O 9. Bg5 h6 10. Bh4 b6 11. Nf3 Bb7 12. e3 d5 13. Qb3 g5 14. 
Bg3 Na5 15. Qc2 Rc8 16. h4 Nxc4 17. hxg5 Ne5 18. Qe2 Nxf3+ 19. Qxf3 hxg5 
20. Bd3 Kg7 21. Be5 Qe7 22. Rh7+ Kg8 23. Qh5 1-0

[Event "S60031 Winter Series"]
[Site "CCLA"]
[Date "2016.01.28"]
[Round "?"]
[White "Cacas, Alexander"]
[Black "Abbey, William"]
[Result "0-1"]
[WhiteElo "1865"]
[BlackElo "2062"]

1. d4 Nf6 2. c4 e6 3. Nc3 Bb4 4. Qc2 O-O 5. a3 Bxc3+ 6. Qxc3 b6 7. Nf3 Bb7
8. e3 d5 9. c5 Ne4 10. Qc2 bxc5 11. dxc5 a5 12. Rb1 Ba6 13. Bxa6 Nxa6 14. 
b4 axb4 15. axb4 Qb8 16. Qb3 Qb7 17. Ba3 Rfb8 18. b5 c6 19. Nd4 cxb5 20. 
c6 Qc7 21. Bb4 Nxb4 22. Qxb4 Ra4 23. Qb2 Qa5+ 0-1

[Event "S67049 Gustafson Memorial Open"]
[Site "CCLA"]
[Date "2016.11.20"]
[Round "?"]
[White "Cacas, Alexander"]
[Black "Ragan, Anthony"]
[Result "1/2-1/2"]
[WhiteElo "1878"]
[BlackElo "1799"]

1. d4 e6 2. c4 Nf6 3. Nc3 Bb4 4. Qc2 O-O 5. a3 Bxc3+ 6. Qxc3 d5 7. e3 b6 
8. Nf3 Bb7 9. Be2 Nbd7 10. O-O c5 11. b3 Rc8 12. Qb2 dxc4 13. bxc4 Qc7 14.
 Bd2 Bxf3 15. gxf3 cxd4 16. Qxd4 Nc5 17. Qc3 Rfd8 18. Rfd1 Qc6 19. Rac1 
Rd6 20. Be1 Rcd8 21. Rxd6 Rxd6 22. Rd1 Rxd1 23. Bxd1 Qc7 24. Bc2 Qc6 25. 
Qd4 Ncd7 26. e4 Nh5 27. Bd2 e5 28. Qd5 Qg6+ 29. Kh1 Nhf6 30. Qa8+ Nf8 31. 
Bb4 Nd7 32. Qd5 Qh5 33. Bd1 Qh4 34. Kg1 Qg5+ 35. Kf1 Qf4 36. Ba4 Nf6 37. 
Qd3 Ne6 38. Bd2 Qxh2 39. Be3 Nh5 40. Qd6 Qh1+ 41. Ke2 Nhf4+ 42. Bxf4 Nxf4+
43. Kd2 h6 44. Qb8+ Kh7 45. Qxe5 Qc1+ 46. Kxc1 Nd3+ 47. Kd2 Nxe5 48. Bb3 
Nxf3+ 49. Ke3 Ng5 50. f4 Ne6 51. f5 Ng5 52. Kf4 f6 53. e5 fxe5+ 54. Kxe5 
h5 55. Kf4 Kh6 56. Bd1 Nf7 57. Bf3 h4 58. Bd5 g5+ 59. fxg6 Kxg6 60. Kg4 h3
61. Kxh3 Nd6 62. Kg4 Kf6 63. Kf4 Ne8 64. Ke4 Nd6+ 65. Kd4 Nf5+ 1/2-1/2

[Event "S60231 Summer Series"]
[Site "CCLA"]
[Date "2016.07.31"]
[Round "?"]
[White "Alvarez, Adrian Astur"]
[Black "Perry, William E."]
[Result "0-1"]
[WhiteElo "1460"]
[BlackElo "1493"]

1. d4 e6 2. c4 Nf6 3. Nc3 Bb4 4. Qc2 c5 5. a3 Bxc3+ 6. Qxc3 cxd4 7. Qxd4 
Nc6 8. Qd1 O-O 9. Nf3 d5 10. e3 e5 11. Be2 Be6 12. O-O dxc4 13. Qxd8 Rfxd8
14. Ng5 Bd5 15. Re1 h6 16. Nf3 b5 17. Nd2 a6 18. Nf1 Na5 19. Bd2 Nb3 20. 
Rad1 Nxd2 21. Nxd2 Rd6 22. Nb1 Rad8 23. Nc3 Bc6 24. e4 Rxd1 25. Rxd1 Rxd1+
26. Bxd1 Nxe4 27. Bf3 Nxc3 28. Bxc6 Na4 29. Kf1 Nxb2 30. Ke2 Nd3 31. Ke3 
Kf8 32. Bd5 f6 33. g3 Ke7 34. f3 Kd6 35. Be4 Kc5 36. Bxd3 cxd3 37. Kxd3 a5
38. Kc3 b4+ 39. Kb3 bxa3 40. Kxa3 Kd4 41. Ka4 Ke3 42. Kxa5 Kxf3 43. Kb4 e4
44. Kc3 e3 45. Kc2 Kf2 0-1

[Event "S67109 Gustafson Memorial Open"]
[Site "CCLA"]
[Date "2016.11.20"]
[Round "?"]
[White "Simonson, Jay"]
[Black "Sanchez, David A."]
[Result "1/2-1/2"]
[WhiteElo "1337"]
[BlackElo "1419"]

1. e4 c6 2. d4 d5 3. exd5 cxd5 4. c4 Nf6 5. Nc3 e6 6. cxd5 Nxd5 7. Bd3 Bb4
8. Ne2 O-O 9. a3 Be7 10. Bc2 Bf6 11. O-O Nc6 12. Nb5 a6 13. Nbc3 b5 14. 
Qd3 g6 15. Qf3 Bg7 1/2-1/2

[Event "S60139 Server NA Class A Ch"]
[Site "CCLA"]
[Date "2016.05.12"]
[Round "?"]
[White "Zaas, Joel"]
[Black "Evans, Stanley W."]
[Result "1-0"]
[WhiteElo "1924"]
[BlackElo "1882"]

1. d4 Nf6 2. c4 e6 3. Nc3 Bb4 4. e3 O-O 5. Bd3 c5 6. Nf3 Nc6 7. O-O Bxc3 
8. bxc3 d6 9. e4 e5 10. d5 Ne7 11. Nh4 h6 12. Qf3 Ng6 13. Nf5 Kh8 14. Bd2 
Nh7 15. Bc2 Qf6 16. a3 Ne7 17. a4 Ng5 18. Qh5 Nxe4 19. Bxh6 Qxf5 20. Bg5+ 
Kg8 21. Bxe4 Qxe4 22. Bxe7 Re8 23. Bxd6 Qxc4 24. f4 Qxd5 25. fxe5 Qc4 26. 
h3 Be6 27. Rf3 Qe4 28. Qg5 Qg6 29. Qxg6 fxg6 30. Bxc5 a5 31. Re3 Rec8 32. 
Bd4 Rc4 33. Rb1 Rxa4 34. Rxb7 Ra1+ 35. Kh2 Rf1 36. Rb6 Re8 37. Rg3 Kh7 38.
 Ra6 Ra1 39. Ra7 a4 40. h4 Rg8 41. Re7 Bb3 42. h5 gxh5 43. e6 Re1 44. Bxg7
Rxe6 45. Ra7 1-0

[Event "S67119 Gustafson Memorial Open"]
[Site "CCLA"]
[Date "2016.11.20"]
[Round "?"]
[White "Lyons, Brenda M."]
[Black "Dolan, Bruce"]
[Result "1/2-1/2"]
[WhiteElo "1220"]
[BlackElo "1312"]

1. d4 Nf6 2. c4 g6 3. Bg5 d6 4. e3 Ne4 5. Bf4 Bg7 6. Nd2 Nxd2 7. Qxd2 e5 
8. dxe5 dxe5 9. Qxd8+ Kxd8 10. O-O-O+ Ke7 11. Bg3 Be6 12. b3 c5 13. h3 Nc6
14. Bd3 Nb4 15. Bb1 Rhd8 16. Ne2 Rxd1+ 17. Rxd1 a5 18. Nc3 f5 19. a3 Na6 
20. Bh2 Rd8 21. Rxd8 Kxd8 22. Kb2 Kd7 23. Nb5 a4 24. Bc2 axb3 25. Bxb3 f4 
26. exf4 exf4+ 27. Kb1 Bf5+ 28. Bc2 Bxc2+ 29. Kxc2 f3 30. gxf3 Ke6 31. Kd3
1/2-1/2

[Event "S67119 Gustafson Memorial Open"]
[Site "CCLA"]
[Date "2016.11.20"]
[Round "?"]
[White "Lyons, Brenda M."]
[Black "Leber, David"]
[Result "1-0"]
[WhiteElo "1220"]
[BlackElo "1270"]

1. d4 Nf6 2. c4 g6 3. Nf3 Bg7 4. e3 d6 5. Bd3 O-O 6. O-O Nc6 7. Nc3 Nb4 8.
 Be2 Re8 9. a3 Nc6 10. h3 Bf5 11. Bd3 Qd7 12. Bxf5 Qxf5 13. Nb5 Rac8 14. 
b3 a6 15. Nc3 Bh6 16. e4 Qd7 17. Bxh6 Qe6 18. Re1 Rb8 19. Bg5 Qd7 20. Bxf6
exf6 21. a4 Nb4 22. Nd5 Nc6 23. Nxf6+ Kh8 24. Nxd7 Rbd8 25. Nf6 Re7 26. 
Nd5 Red7 27. Ng5 f6 28. Nxf6 Re7 29. Ngxh7 Nb4 30. Nd5 Rxh7 31. Nxb4 c6 
32. Qf3 a5 33. Qf6+ Rg7 34. Qxd8+ Kh7 35. Qxa5 Rf7 36. Qg5 Rd7 37. Nd3 b6 
38. Nf4 Rg7 39. Qxg6+ Rxg6 40. Nxg6 Kxg6 41. f4 Kf6 42. e5+ dxe5 43. Rxe5 
Kg6 44. b4 Kf6 45. c5 b5 46. axb5 Kg6 47. bxc6 Kf6 48. Ra6 Kf7 49. c7 Kg7 
50. Ree6 Kf7 51. f5 Kg7 52. Ra7 Kf7 53. c8=Q# 1-0

[Event "S67119 Gustafson Memorial Open"]
[Site "CCLA"]
[Date "2016.11.20"]
[Round "?"]
[White "Benson, Katie J."]
[Black "Leber, David"]
[Result "1-0"]
[WhiteElo "1197"]
[BlackElo "1270"]

1. d4 Nf6 2. c4 g6 3. Nf3 Bg7 4. e3 d6 5. Bd3 Bg4 6. Nbd2 O-O 7. O-O Nc6 
8. h3 Be6 9. d5 Nb4 10. dxe6 Nxd3 11. exf7+ Rxf7 12. Qe2 Nb4 13. Nb3 Ne4 
14. Bd2 Bxb2 15. Rae1 Nxa2 16. Bc1 Bg7 17. Qxa2 Qd7 18. Bb2 Bh6 19. Bd4 e5
20. Bxe5 dxe5 21. Nxe5 Qe6 22. Nxf7 Qxf7 23. Nd2 Nxd2 24. Qxd2 Qe7 25. 
Qd5+ Kh8 26. Qxb7 Qd8 27. Rd1 Qc8 28. Qxc8+ Rxc8 29. Rd2 Bg7 30. Rfd1 Bf6 
31. Ra2 Ra8 32. Rd7 Be5 33. Rad2 Rb8 34. Rd8+ Rxd8 35. Rxd8+ Kg7 36. Rb8 
h5 37. Rb7 a6 38. Ra7 Kh6 39. Rxa6 h4 40. f4 Bd6 41. Kf2 Kh5 42. Rxd6 cxd6
43. Kf3 Kh6 44. g4 Kg7 45. g5 Kf7 46. Kg4 Ke6 47. e4 Ke7 48. Kxh4 Kd7 49. 
Kg4 Ke6 50. f5+ gxf5+ 51. exf5+ Kf7 52. h4 Kg7 53. Kf4 Kf7 54. Ke4 Ke7 55.
 Kd5 Kf7 56. Kxd6 Ke8 57. c5 Kf7 58. Kd7 Kg7 59. c6 Kf7 60. c7 Kf8 61. 
c8=Q+ Kg7 62. Ke8 Kh7 63. Kf8 Kh8 64. Qe6 Kh7 65. Qg8# 1-0

[Event "S67099 Gustafson Memorial Open"]
[Site "CCLA"]
[Date "2016.11.20"]
[Round "?"]
[White "Buganza, Nathan J."]
[Black "Perry, William E."]
[Result "0-1"]
[WhiteElo "1411"]
[BlackElo "1465"]

1. d4 Nf6 2. c4 g6 3. Nf3 Bg7 4. Bg5 O-O 5. Bxf6 Bxf6 6. e3 c5 7. Bd3 Nc6 
8. Nc3 cxd4 9. exd4 Nxd4 10. Nxd4 Bxd4 11. Qd2 Bg7 12. O-O d6 13. Ne2 Qb6 
14. b3 Bd7 15. Rac1 Bc6 16. Rfe1 e6 17. Qe3 Qxe3 18. fxe3 d5 19. cxd5 Bxd5
20. Bc4 Bc6 21. Ng3 Rad8 22. Red1 Be5 23. Ne2 Bb2 24. Rb1 Ba3 25. Rxd8 
Rxd8 26. Nd4 Be4 27. Rf1 Bc5 28. Rf4 Bd5 29. Bxd5 Rxd5 30. Kf2 e5 0-1

[Event "S60099 Regular Quad"]
[Site "CCLA"]
[Date "2016.02.14"]
[Round "?"]
[White "Parenteau, Mike"]
[Black "Blankenship, Jerry T."]
[Result "1/2-1/2"]
[WhiteElo "1618"]
[BlackElo "1675"]

1. d4 Nf6 2. c4 g6 3. Nf3 Bg7 4. g3 c5 5. Bg2 cxd4 6. Nxd4 O-O 7. O-O d6 
8. Nc3 a6 9. b3 Qc7 10. Bb2 Nc6 11. Rc1 Bd7 12. Nd5 Qd8 13. Nxf6+ Bxf6 14.
 Nxc6 Bxc6 15. Bxf6 exf6 16. Qd4 Bxg2 17. Kxg2 Re8 18. Rc2 Rc8 19. Rd1 Rc6
20. Qa7 b5 21. Qd4 f5 22. e3 Qc7 23. h4 h5 24. Qd3 Qb7 25. Kg1 Qc7 26. Qe2
a5 27. Rd5 Re5 28. Rcd2 Rxd5 29. Rxd5 bxc4 30. bxc4 Rxc4 31. Qd2 Rc1+ 
1/2-1/2